WWF/WWE: Every D-Generation X Championship Win/Accomplishment - Statistics

General Stats
  • This quiz has been taken 39 times
  • The average score is 50 of 71
Answer Stats
Championship Event Date Wrestler % Correct
WWE Heavyweight Championship (Triple H) WWE No Way Out 2009 15/02/2009 Edge,
Jeff Hardy,
The Big Show,
The Undertaker, & Vladimir Kozlov
97%
World Heavyweight Championship (Triple H) WWE New Year's Revolution 2005 09/01/2005 Batista,
Chris Benoit,
Chris Jericho,
Edge, &
Randy Orton
93%
World Heavyweight Championship (Shawn Michaels) WWE Survivor Series 202 17/11/2002 Booker T ,Chris Jericho, Kane, Rob Van Dam, & Triple H
93%
WWF World Tag Team Championship (X-Pac & Kane) WWF Sunday Night Heat 11/04/1999 Jeff Jarrett & Owen Hart, & The New Age Outlaws
93%
WWF World Heavyweight Championship (Triple H) WWF Unforgiven 1999 26/09/1999 Kane,
Mankind,
The Big Show,
The British Bulldog, &
The Rock
93%
World Tag Team Championship (Shawn Michaels & John Cena) WWE Raw 29/01/2007 Rated-RKO
93%
WWF World Tag Team Championship (Shawn Michaels & Diesel) WWF In Your House 3: Triple Header 24/09/1995 Camp Cornette
90%
Unified WWE Tag Team / World Tag Team Championship (Triple H & Shawn Michaels) WWE TLC: Tables, Ladders & Chairs 2009 13/12/2009 Jerishow
90%
WWE Heavyweight Championship (Triple H) WWE Backlash 2008 27/04/2008 John Bradshaw Layfield,
John Cena, &
Randy Orton
90%
World Heavyweight Championship (Triple H) WWE Unforgiven 2004 12/09/2004 Randy Orton
90%
WWE Heavyweight Championship (Triple H) WWE No Mercy 2007 07/10/2007 Randy Orton
90%
WWF European Championship (Triple H) WWF Raw is War 11/12/1997 Shawn Michaels
90%
World Heavyweight Championship (Triple H) WWE Armageddon 2002 15/12/2002 Shawn Michaels
90%
WWF World Tag Team Championship (Shawn Michaels & Steve Austin) WWF Raw is War 26/05/1997 The Hart Foundation
90%
WWF Royal Rumble Winner (Shawn Michaels) WWF Royal Rumble 1996 21/01/1996 Last Eliminated: Diesel
86%
WWF World Heavyweight Championship (Shawn Michaels) WWF WrestleMania XII 31/03/1996 Bret Hart
86%
WWF World Heavyweight Championship (Shawn Michaels) WWF Survivor Series 1997 09/11/1997 Bret Hart
86%
World Heavyweight Championship (Triple H) WWE Armageddon 2003 14/12/2003 Goldberg & Kane
86%
WWE Intercontinental Championship (Triple H) WWE No Mercy 2002 20/10/2002 Kane
86%
WWF European Championship (Triple H) WWF Raw is War 16/03/1998 Owen Hart
86%
WWF World Tag Team Championship (Triple H & "Stone Cold" Steve Austin) WWF Backlash 2001 29/04/2001 The Brothers Of Destruction
86%
WWF Intercontinental Championship (Triple H) WWF SummerSlam 1998 30/08/1998 The Rock
86%
WWF World Heavyweight Championship (Triple H) WWF Judgement Day 2000 21/05/2000 The Rock
86%
WWF World Tag Team Championship (Billy Gunn & Road Dogg) WWF SmackDown 21/09/1999 The Rock 'n' Sock Connection
86%
WWF World Tag Team Championship (Billy Gunn & Road Dogg) WWF Raw is War 08/11/1999 Al Snow & Mankind
83%
WWF Royal Rumble Winner (Triple H) WWF Royal Rumble 2002 20/01/2002 Last Eliminating: Kurt Angle
83%
WWF Intercontinental Championship (Triple H) WWF SmackDown 03/04/2001 Chris Jericho
83%
WWF Undisputed World Heavyweight Championship (Triple H) WWF WrestleMania X-8 17/03/2002 Chris Jericho
83%
WWF King Of The Ring Winner (Triple H) WWF King Of The Ring 1997 08/06/1997 Mankind
83%
WWF World Tag Team Championship (Billy Gunn & Road Dogg) WWF SummerSlam 1998 30/08/1998 Mankind
83%
WWF World Heavyweight Championship (Triple H) WWF Raw is War 23/08/1999 Mankind
83%
WWE Road To WrestleMania Tournament Winner (Triple H) WWE Raw 20/02/2006 Rob Van Dam, & The Big Show
83%
WWE Royal Rumble Winner (Triple H) WWE Royal Rumble 2016 24/01/2016 Last Eliminating: Dean Ambrose
79%
WWE World Heavyweight Championship (Triple H) WWE Royal Rumble 2016 24/01/2016 (Royal Rumble Match) Last Eliminating: Dean Ambrose
79%
WWF World Heavyweight Championship (Triple H) WWF Raw is War 03/01/2000 The Big Show
79%
WWF Royal Rumble Winner (Shawn Michaels) WWF Royal Rumble 1995 22/01/1995 Last Eliminated: The British Bulldog
76%
WWF Intercontinental Championship (Shawn Michaels) WWF Saturday Night's Main Event 27/10/1992 The British Bulldog
76%
WWF European Championship (Shawn Michaels) WWF One Night Only 1997 20/09/1997 The British Bulldog
76%
WWF World Tag Team Championship (Billy Gunn & Bart Gunn) WWF Raw 23/01/1995 123-Kid & Bob Holly
72%
WWF World Tag Team Championship (X-Pac & Kane) WWF Raw is War 09/08/1999 The Acolytes
72%
WWE Cruiserweight Championship (Hornswoggle) WWE The Great American Bash 2007 22/07/2007 Chavo Guerrero,Funaki, Jamie Noble, Jimmy Wang Yang, & Shannon Moore
69%
WWF Intercontinental Championship (Billy Gunn) WWF SmackDown 21/11/2000 Eddie Guerrero
69%
WWF Intercontinental Championship (Triple H) WWF Raw is War 16/04/2001 Jeff Hardy
69%
WWF Light Heavyweight Championship (X-Pac) WWF Raw is War 25/06/2001 Jeff Hardy
69%
WWF Intercontinental Championship (Shawn Michaels) WWF In Your House 2: The Lumberjacks 23/07/1995 Jeff Jarrett
66%
WWF Intercontinental Championship (Chyna) WWF No Mercy 1999 17/10/1999 Jeff Jarrett
66%
(Vacant) WWF World Tag Team Championship (Billy Gunn & Road Dogg) WWF Raw is War 30/03/1998 Cactus Jack & Chainsaw Charlie
62%
WWF European Championship (X-Pac) WWF Raw is War 15/09/1998 D-Lo Brown
62%
WWF European Championship (X-Pac) WWF In Your House 25: Judgment Day 1998 18/10/1998 D-Lo Brown
62%
WWE Tag Team Championship (Billy Gunn & Road Dogg) WWE Royal Rumble 2014 Kickoff 26/01/2014 Cody Rhodes & Goldust
59%
WWF World Tag Team Championship (Billy Gunn & Road Dogg) WWF Raw is War 24/11/1997 The Legion Of Doom
59%
WWF Intercontinental Championship (Mixed Tag Team Match: Chyna & Eddie Guerrero) WWF SummerSlam 2000 27/08/2000 Trish Stratus & Val Venis
59%
WWF Hardcore Championship (Billy Gunn) WWF Sunday Night Heat 15/03/1999 Al Snow
55%
WWF World Women's Championship (Chyna) WWF WrestleMania X-7 01/04/2001 Ivory
55%
WWF Intercontinental Championship (The Road Dogg) WWF Raw is War 15/03/1999 Ken Shamrock
55%
WWF Intercontinental Championship (Shawn Michaels) WWF House Show 06/06/1993 Marty Jannetty
55%
WWF World Tag Team Championship (Billy & Chuck) WWF SmackDown 19/02/2002 Spike Dudley & Tazz
55%
WWF Intercontinental Championship (Rick Rude) WWF WrestleMania V 02/04/1989 The Ultimate Warrior
55%
WWF King Of The Ring Winner (Billy Gunn) WWF King Of The Ring 1999 27/06/1999 X-Pac
55%
WWF World Heavyweight Championship (Shawn Michaels) WWF Royal Rumble 1997 19/01/1997 Sycho Sid
52%
WWF Hardcore Championship (The Road Dogg) WWF Raw is War 15/12/1998 The Big Bossman
52%
WWF World Tag Team Championship (Shawn Michaels & Diesel) WWF House Show 28/08/1994 The Headshrinkers
52%
WWE World Tag Team Championship (Billy & Chuck) WWE SmackDown 04/06/2002 Rico & Rikishi
48%
WWF Intercontinental Championship (Triple H) WWF Raw 21/10/1996 Marc Mero
41%
WWF Hardcore Championship (Billy Gunn) WWF No Way Out 2001 25/02/2001 Raven
41%
WCW Cruiserweight Championship (X-Pac) WWF Raw is War 30/07/2001 Billy Kidman
38%
WWF Light Heavyweight Championship (X-Pac) WWF SummerSlam 2001 19/08/2001 Tajiri
31%
WWF World Tag Team Championship (Billy Gunn & Bart Gunn) WWF In Your House 8: Beware Of Dog 26/05/1996 The Godwinns
31%
(Vacant) WWF World Tag Team Championship (123-Kid & Bob Holly) WWF Royal Rumble 1995 22/01/1995 The Million Dollar Corporation
28%
Mini Royal Rumble Winner (Hornswoggle) WWE Raw 14/01/2008 Last Eliminated: The Great Khali
21%
WWF World Tag Team Championship (123-Kid & Marty Jannetty) WWF Raw 10/01/1994 The Quebecers
17%
No matching quizzes found
Score Distribution
Percent of People with Each Score
Percentile by Number Answered
Your Score History
You have not taken this quiz